000 01224nam a2200289 a 4500
008
020 _a0813816203 (pbk.)
049 _aMAIN
090 _aQH505
111 2 0 _aJohn Lawrence Interdisciplinary Symposium on the Physical and Biomedical Sciences
_n(1st :
_d1979 :
_cSioux Falls, S.D.)
245 1 0 _aDissipative structures and spatiotemporal organization studies in biomedical research :
_breport of the First John Lawrence Interdisciplinary Symposium on the Physical and Biomedical Sciences, held January 17, 1979, in Sioux Falls, South Dakota /
_cedited by George P. Scott and J. Michael McMillin.
260 0 _aAmes, Iowa :
_bIowa State University Press,
_c1980.
300 _ax, 271 p. :
_bill. ;
_c23 cm.
504 _aIncludes bibliographical references.
500 _aIncludes index.
650 0 _aBiophysics
_xCongresses.
650 0 _aBiological rhythms
_xCongresses.
650 0 _aMorphogenesis
_xCongresses.
650 0 _aThermodynamics
_xCongresses.
700 1 0 _aScott, George P.
700 1 0 _aMcMillin, J. Michael
907 _a.b10159769
_b31-01-14
_c14-03-05
003
005 20230123134015.0
040 _cNUST
942 _cBOOKS
_kQH505
999 _c158405
_d158405